Statistics for Every Warriors Player Ever that has Passed Away

Click here to take the quiz!

General Stats

  • This quiz has been taken 3 times
  • The average score is 7 of 124

Answer Stats

DateAgePlayer% Correct
7/16/201674Nate Thurmond
100%
12/12/200678Paul Arizin
100%
10/12/199963Wilt Chamberlain
100%
8/30/200269Andy Johnson
50%
6/1/200758Charles Johnson
50%
5/23/202380Cotton Nash
50%
8/9/199634Derek Smith
50%
9/28/197849Neil Johnston
50%
7/29/200250Phil Smith
50%
8/2/200980Stan Brown
50%
8/2/199065Al Guokas
0%
8/4/202056Andre Spencer
0%
4/29/200179Andy Phillip
0%
10/19/200991Angelo Musi
0%
10/27/198064Art Hillhouse
0%
2/21/200744Barry Stevens
0%
9/25/201576Bill Bridges
0%
6/6/201189Bill Closs
0%
8/31/200668Bill Kennedy
0%
1/5/201682Bob Armstrong
0%
9/19/200881Bob O'Brien
0%
9/6/200564Bob Warlick
0%
3/12/201877Bud Olsen
0%
10/3/199771Charlie Parsley
0%
3/4/201394Chick Halbert
0%
1/10/198157Chink Crossin
0%
3/1/201551Chris Welp
0%
4/29/199668Claude Overton
0%
7/6/201845Clifford Rozier
0%
8/29/202053Cliff Robinson
0%
12/29/201377Connie Dierking
0%
7/24/201468Dale Schlueter
0%
2/18/200778Danny Finn
0%
6/25/200251Derrek Dickey
0%
6/17/197647Don Lafgran
0%
10/4/198260Easy Parham
0%
9/21/201279Ed Conlin
0%
3/16/201286Ed Dahler
0%
10/22/199974Ed Mikan
0%
9/18/199073Ed Sadowski
0%
11/25/199775Elmore Morganthaier
0%
3/12/202355Felton Spencer
0%
5/4/199367Frank Kudelka
0%
8/5/197234Fred LaCour
0%
12/27/199473Fred Lewis
0%
12/8/200986Fred Sheffield
0%
12/26/200381Gale Bishop
0%
1/17/200967Gary Hill
0%
8/7/201788George Dempsey
0%
6/25/200179George Senesky
0%
11/9/201661Greg Ballard
0%
2/19/200165Guy Rodgers
0%
6/25/201681Hal Lear
0%
10/27/200387Hank Beenders
0%
12/19/199169Howie Dallmar
0%
1/10/201489Ike Borsavage
0%
10/21/199376Irv Torgoff
0%
1/30/198960Jack George
0%
6/1/201791Jack McCloskey
0%
9/10/198659Jake Bornheimer
0%
11/27/201088Jake Rocker
0%
2/18/201552Jerome Kersey
0%
12/20/201256Jerome Whitehead
0%
6/20/200785Jerry Fleishman
0%
10/21/201694Jerry Rullo
0%
10/29/201585Jim Mooney
0%
4/19/198357Jim Nolan
0%
6/15/202192Jim Phelan
0%
3/4/197645Jim Walsh
0%
3/21/197654Joe Fulks
0%
7/2/199868Joe Graboski
0%
9/17/202082Joe Rutlick
0%
1/29/200378John Murphy
0%
2/27/200982John Payak
0%
8/4/201575John Rudometkin
0%
1/16/201871Jo Jo White
0%
6/15/200880Ken Murray
0%
1/30/201695Ken Sailors
0%
12/13/200170Larry Costello
0%
8/20/200879Larry Hennessy
0%
12/29/200453Larry McNeill
0%
6/18/202289Lennie Rosenbluth
0%
5/30/197150Leo Mogus
0%
2/8/200282Lew Hitch
0%
7/5/201960Lewis Lloyd
0%
6/19/201047Manute Bol
0%
12/21/198353Mark Workman
0%
6/15/201557Marshall Rogers
0%
12/9/199378Matt Guokas
0%
4/30/200967McCoy McLemore
0%
5/12/200174Mel Payton
0%
7/31/202070Mike Gale
0%
1/31/200979Mike Kearns
0%
8/15/197863Mike Novak
0%
6/18/200475Moe Radovich
0%
12/8/200379Nelson Babb
0%
9/29/198151Norm Grekin
0%
11/11/197544Pat Dunn
0%
11/12/199873Paul Hoffman
0%
12/21/201487Paul Walther
0%
6/29/199779Petey Rosenberg
0%
9/15/199672Phil Farbman
0%
2/8/202187Phil Rollins
0%
2/2/200989Ralph Kaplowitz
0%
11/28/199339Robert Hawkins
0%
8/26/199165Ron Livingstone
0%
8/3/200683Roy Pugh
0%
7/9/200466Rudy LaRusso
0%
2/14/200655Steve Bracey
0%
2/22/201652Steve Harris
0%
6/24/201272Ted Luckenbill
0%
11/13/202064Terry Duerod
0%
2/11/199059Tom Brennan
0%
1/26/201481Tom Gola
0%
8/26/198762Vern Gardner
0%
5/25/201387Walt Budko
0%
11/17/202089Walt Davis
0%
11/18/201169Walt Hazzard
0%
4/11/202265Wayne Cooper
0%
4/18/200262Wayne Hightower
0%
11/22/201884Willie Naulls
0%
9/3/200773Woody Sauldsberry
0%
2/6/201677York Larese
0%
1/9/200776Zeke Zawoluk
0%

Score Distribution

Percentile by Number Answered

Percent of People with Each Score

Your Score History

You have not taken this quiz